000 00778nam a2200265Ia 4500
005 20260302115006.0
008 008 260114s9999 xx 000 0 eng d
020 _a9781683934677
037 _aTextbook
040 _aCRL
040 _beng
040 _cCRL
041 _2eng
041 _aeng
084 _qCRL
100 _aGabriella Romani & Jennifer Burns
_91120384
245 4 _aThe Formation of a National Audience in Italy, 1750–1890 Readers and Spectators of Italian Culture
260 _bBloomsbury
260 _bFairleigh Dickinson University Press
260 _c2017
650 _aLiterary Studies
856 _uhttps://doi.org/10.5040/9781683934677?locatt=label:secondary_bloomsburyCollections
942 _cEBOOK
999 _c1684563
_d1684563